Countries Producing Most Fashion Models - Statistics

General Stats
  • This quiz has been taken 337 times
  • The average score is 8 of 10
Answer Stats
# Model producing country % Correct
1. United States
100%
4. United Kingdom
96%
10. France
94%
3. Russia
88%
2. Brazil
87%
7. Germany
85%
6. Canada
83%
9. Australia
70%
5. Netherlands
58%
8. Poland
51%
No matching quizzes found
Score Distribution
Percent of People with Each Score
Percentile by Number Answered
Your Score History
You have not taken this quiz